Macgillivray on insurance law : relating to all risks other than marine / (Record no. 457)
| 000 -LEADER | |
|---|---|
| fixed length control field | 01003cam a2200313 a 4500 |
| 001 - CONTROL NUMBER | |
| control field | 15631148 |
| 005 - DATE AND TIME OF LATEST TRANSACTION | |
| control field | 20140116120828.0 |
| 008 - FIXED-LENGTH DATA ELEMENTS--GENERAL INFORMATION | |
| fixed length control field | 090219s2008 enk b 001 0 eng |
| 010 ## - LIBRARY OF CONGRESS CONTROL NUMBER | |
| LC control number | 2009287245 |
| 020 ## - INTERNATIONAL STANDARD BOOK NUMBER | |
| International Standard Book Number | 9781847030535 |
| 040 ## - CATALOGING SOURCE | |
| Original cataloging agency | DLC |
| Transcribing agency | DLC |
| 043 ## - GEOGRAPHIC AREA CODE | |
| Geographic area code | e-uk-en |
| -- | e-uk-wl |
| 050 00 - LIBRARY OF CONGRESS CALL NUMBER | |
| Classification number | KD1859.M33 2008 |
| 100 1# - MAIN ENTRY--PERSONAL NAME | |
| Personal name | MacGillivray, Evan James |
| 245 10 - TITLE STATEMENT | |
| Title | Macgillivray on insurance law : relating to all risks other than marine / |
| Statement of responsibility, etc | general editor, Nicholas Legh-Jones |
| 250 ## - EDITION STATEMENT | |
| Edition statement | 11th ed. / |
| 260 ## - PUBLICATION, DISTRIBUTION, ETC. (IMPRINT) | |
| Place of publication, distribution, etc | London : |
| Name of publisher, distributor, etc | Thomson Reuters , |
| Date of publication, distribution, etc | 2008. |
| 300 ## - PHYSICAL DESCRIPTION | |
| Extent | clxxxix, 1222 p. |
| 490 0# - SERIES STATEMENT | |
| Series statement | Insurance practitioners library |
| 504 ## - BIBLIOGRAPHY, ETC. NOTE | |
| Bibliography, etc | Includes bibliographical references and index. |
| 650 #0 - SUBJECT ADDED ENTRY--TOPICAL TERM | |
| Topical term or geographic name as entry element | Insurance law |
| Geographic subdivision | England. |
| 650 #0 - SUBJECT ADDED ENTRY--TOPICAL TERM | |
| Topical term or geographic name as entry element | Insurance law |
| Geographic subdivision | Wales. |
| 700 1# - ADDED ENTRY--PERSONAL NAME | |
| Personal name | Legh-Jones, Nicholas. |
| 700 1# - ADDED ENTRY--PERSONAL NAME | |
| Personal name | Birds, John. |
| 700 1# - ADDED ENTRY--PERSONAL NAME | |
| Personal name | Owen, David C. |
| 906 ## - LOCAL DATA ELEMENT F, LDF (RLIN) | |
| a | 7 |
| b | cbc |
| c | origres |
| d | 2 |
| e | ncip |
| f | 20 |
| g | y-gencatlg |
| 942 ## - ADDED ENTRY ELEMENTS (KOHA) | |
| Source of classification or shelving scheme | |
| Item type | Book |
| Withdrawn status | Lost status | Source of classification or shelving scheme | Damaged status | Not for loan | Home library | Current library | Date acquired | Source of acquisition | Cost, normal purchase price | Total Checkouts | Full call number | Barcode | Date last seen | Copy number | Price effective from | Koha item type | Total Renewals | Date last borrowed |
|---|---|---|---|---|---|---|---|---|---|---|---|---|---|---|---|---|---|---|
| Riara University Library | Riara University Library | 20/10/2011 | Purchase | 56330.00 | KD1859.M33 2008 | 311/11 | 20/10/2011 | C.1 | 20/10/2011 | Book | ||||||||
| Riara University Library | Riara University Library | 20/10/2011 | Purchase | 56330.00 | 3 | KD1859.M33 2008 | 312/11 | 12/09/2017 | C.2 | 20/10/2011 | Book | 2 | 27/03/2017 | |||||
| Riara University Library | Riara University Library | 20/10/2011 | Purchase | 56330.00 | 2 | KD1859.M33 2008 | 310/11 | 11/05/2016 | C.3 | 20/10/2011 | Book | 1 | 27/04/2016 |
